000 00429nam a22001577a 4500
003 OSt
008 230315b |||||||| |||| 00| 0 eng d
020 _a9780123704801
100 _aMcCABE,,James D
245 _aNetwork Analysis,Architecture, and Design
250 _a3rd Ed
260 _aNew York
_bMorgan Kaufmann Publishers
_c2007
300 _a473
650 _aNetwork Analysis,Architecture, and Design
942 _2ddc
_cREF
999 _c11868
_d11868